Statistiques concernant Les 10 pays les plus riches d'Asie

Cliquez ici pour prendre le quiz!

Statistiques générales

  • Ce quiz a été pris 167 fois
  • Le résultat moyen est 9 sur 10

Statistiques - réponses

PIB en MilliardsPays% Correct
13 119 M $Chine
100%
5093 M $Japon
99%
1597 M $Corée du Sud
95%
2654 M $Inde
93%
1092 M $Indonésie
89%
708 M $Arabie Saoudite
85%
467 M $Thaïlande
81%
906 M $Turquie
76%
401 M $Emirats arabes unis
70%
588 M $Taïwan
68%

Distribution des résultats

Percentile par nombre de réponses

% des personnes avec chaque résultat

Votre développement - résultats

Vous n’avez pas pris ce quiz